Критерии и требования по обеспечению процедуры перехода населенных пунктов от условий радиационной аварии к условиям нормальной жизнедеятельности населения (Запись № 13094348)

Подробности
000 -МАРКЕР
контрольное поле 03418nam0a2200505 4500
001 - ИДЕНТИФИКАТОР ЗАПИСИ
контрольное поле RU\NLR\BIBL_A\016341888
005 - ИДЕНТИФИКАТОР ВЕРСИИ
контрольное поле 20230518134114.0
010 ## - МЕЖДУНАРОДНЫЙ СТАНДАРТНЫЙ НОМЕР КНИГИ (ISBN)
Тираж 100
Номер (ISBN) 978-5-7508-1983-6
021 ## - НОМЕР ГОСУДАРСТВЕННОЙ РЕГИСТРАЦИИ
Код страны Российская Федерация
Номер КН-П-23-015800
Номер Листа государственной регистраци КН-П-23-1574
029 10 - НОМЕР ДОКУМЕНТА (нормативные и технические документы. Неопубликованные документы)
Страна Российская Федерация
Номер 2.6.1.0283-22
Тип номера документа МР
035 ## - ДРУГИЕ СИСТЕМНЫЕ НОМЕРА
Идентификатор записи (NLR Aleph) 016341888
035 ## - ДРУГИЕ СИСТЕМНЫЕ НОМЕРА
Идентификатор записи (RuMoRGB)011649670
100 ## - ДАННЫЕ ОБЩЕЙ ОБРАБОТКИ
Данные общей обработки 20230412d2023 k y0rusy50 ca
101 0# - ЯЗЫК РЕСУРСА
Язык текста, звукозаписи и т.д. русский
102 ## - СТРАНА ПУБЛИКАЦИИ ИЛИ ПРОИЗВОДСТВА
Страна публикации Российская Федерация
105 ## - ПОЛЕ КОДИРОВАННЫХ ДАННЫХ: ТЕКСТОВЫЕ МАТЕРИАЛЫ, МОНОГРАФИЧЕСКИЕ
Кодированные данные о монографическом текстовом документе y l 000|y
181 #1 - ПОЛЕ КОДИРОВАННЫХ ДАННЫХ: ВИД СОДЕРЖАНИЯ
Код вида содержания (ISBD) i
Код характеристики содержания (ISBD) e
182 #1 - ПОЛЕ КОДИРОВАННЫХ ДАННЫХ: ТИП СРЕДСТВА
Код типа средства (ISBD) n - непосредственное
200 9# - ЗАГЛАВИЕ И СВЕДЕНИЯ ОБ ОТВЕТСТВЕННОСТИ
Основное заглавие Критерии и требования по обеспечению процедуры перехода населенных пунктов от условий радиационной аварии к условиям нормальной жизнедеятельности населения
Сведения, относящиеся к заглавию МР 2.6.1.0283-22
-- Изменения № 1 в МР 2.6.1.0055-11
Первые сведения об ответственности разработаны ФБУН " Санкт-Петербургский научно-исследовательский институт радиационной гигиены им. проф. П.В. Рамзаева" Роспотребнадзора
203 ## - ВИД СОДЕРЖАНИЯ И ТИП СРЕДСТВА
Вид содержания Текст
Дополнительные сведения об издании визуальный
Тип средства непосредственный
205 ## - СВЕДЕНИЯ ОБ ИЗДАНИИ
Сведения об издании Изд. офиц.
205 ## - СВЕДЕНИЯ ОБ ИЗДАНИИ
Сведения об издании Изм. № 1
210 ## - ПУБЛИКАЦИЯ, РАСПРОСТРАНЕНИЕ И ДР.
Место издания, распространения и т.д. Москва
Имя издателя, распространителя и т. д. Роспотребнадзор
Дата издания, распространения и т.д. 2023
Место изготовления Москва
215 ## - ФИЗИЧЕСКАЯ ХАРАКТЕРИСТИКА
Специфическое обозначение материала и объем 6, [1] с.
Размеры 21
225 1# - СЕРИЯ
Основное заглавие серии 2.6.1. Гигиена. Радиационная гигиена. Ионизирующее излучение. Радиационная безопасность
225 1# - СЕРИЯ
Основное заглавие серии Государственное санитарно-эпидемиологическое нормирование Российской Федерации
Сведения об ответственности Федеральная служба по надзору в сфере защиты прав потребителей и благополучия человека
239 ## - ОБЛАСТЬ СПЕЦИФИЧЕСКИХ СВЕДЕНИЙ: НОРМАТИВНЫЕ И ТЕХНИЧЕСКИЕ ДОКУМЕНТЫ
Сведения Введ. 11.05.2022
320 ## - ПРИМЕЧАНИЯ О НАЛИЧИИ В ДОКУМЕНТЕ БИБЛИОГРАФИИ / УКАЗАТЕЛЯ
Текст примечания Библиогр. в тексте
517 1# - ДРУГИЕ ВАРИАНТЫ ЗАГЛАВИЯ
Вариант заглавия МР 2.6.1.0283-22
517 1# - ДРУГИЕ ВАРИАНТЫ ЗАГЛАВИЯ
Вариант заглавия МР 2.6.1.0055-11
606 1# - НАИМЕНОВАНИЕ ТЕМЫ КАК ПРЕДМЕТ
Наименование темы Радиационная безопасность
Географический подзаголовок Российская Федерация
Формальный подзаголовок Методические пособия
Код системы nlr_sh1
-- nlr_sh2
Идентификатор авторитетной/нормативной записи RU\NLR\AUTH\661316060
606 1# - НАИМЕНОВАНИЕ ТЕМЫ КАК ПРЕДМЕТ
Наименование темы Окружающая среда
Тематический подзаголовок Загрязнение радиоактивными веществами после радиационных аварий
-- Мониторинг
Формальный подзаголовок Методические пособия
Код системы nlr_sh2
Идентификатор авторитетной/нормативной записи RU\NLR\AUTH\661463820
606 1# - НАИМЕНОВАНИЕ ТЕМЫ КАК ПРЕДМЕТ
Наименование темы Радиационные аварии
Тематический подзаголовок Последствия
-- Санитарно-гигиеническая оценка
Формальный подзаголовок Методические пособия
Код системы nlr_sh1
-- nlr_sh2
Идентификатор авторитетной/нормативной записи RU\NLR\AUTH\661285431
675 ## - УНИВЕРСАЛЬНАЯ ДЕСЯТИЧНАЯ КЛАССИФИКАЦИЯ (UDC/УДК)
Индекс 614.876(083.Р126.02я8
Издание 4
686 ## - ИНДЕКСЫ ДРУГИХ КЛАССИФИКАЦИЙ
Издание 2000
Код системы общеросс. классификатор стандартов
686 1# - ИНДЕКСЫ ДРУГИХ КЛАССИФИКАЦИЙ
Индекс Р126.03я8
686 1# - ИНДЕКСЫ ДРУГИХ КЛАССИФИКАЦИЙ
Индекс Р368-2я8
712 01 - НАИМЕНОВАНИЕ ОРГАНИЗАЦИИ - ВТОРИЧНАЯ ОТВЕТСТВЕННОСТЬ
Начальный элемент ввода Российская Федерация
Структурное подразделение Федеральная служба по надзору в сфере защиты прав потребителей и благополучия человека
Идентификатор авторитетной/нормативной записи RU\NLR\AUTH\8810073282
Код отношения Агентство по стандартам
712 02 - НАИМЕНОВАНИЕ ОРГАНИЗАЦИИ - ВТОРИЧНАЯ ОТВЕТСТВЕННОСТЬ
Начальный элемент ввода Санкт-Петербургский НИИ радиационной гигиены им. П. В. Рамзаева
Идентификатор авторитетной/нормативной записи RU\NLR\AUTH\8810131242
Код отношения Разработчик номерного издания
942 ## - ДОПОЛНИТЕЛЬНЫЕ ЭЛЕМЕНТЫ ЗАПИСИ (АБИС)
Тип экземпляра АБИС Книга
980 ## - КОЛЛЕКЦИЯ
Название коллекции Национальная библиография
Экземпляры
Тип экземпляра Дата поступления Источник поступления Библиотека постоянного хранения Библиотека текущего хранения Место хранения Шифр хранения Штрих-код Статус экземпляра
Книга 12.04.2023 Обязательный экземпляр РНБ (Московский) РНБ (Московский) Фонд нормативно-технических и технических документов, ГОСТы Пт 1-4157296  
Книга 12.04.2023 Обязательный экземпляр РНБ (Московский) РНБ (Московский) Обменный фонд   1-4157297